|
|
|
|
| LEADER |
00000nam0a2200000 4500 |
| 001 |
167595 |
| 005 |
20231101222712.0 |
| 035 |
|
|
|a (RuTPU)RU\TPU\book\181819
|
| 090 |
|
|
|a 167595
|
| 100 |
|
|
|a 20091016d1981 m y0rusy50 ca
|
| 101 |
0 |
|
|a rus
|
| 102 |
|
|
|a RU
|
| 105 |
|
|
|a a z 001zy
|
| 200 |
1 |
|
|a Сопротивление разрушению алюминиевых сплавов
|f С. И. Кишкина
|
| 210 |
|
|
|a Москва
|c Металлургия
|d 1981
|
| 215 |
|
|
|a 280 с.
|c ил.
|
| 320 |
|
|
|a Библиогр.: с. 273-278
|
| 320 |
|
|
|a Предм. указ.: с. 278-279
|
| 606 |
1 |
|
|a Алюминиевые сплавы
|x Сопротивление деформации
|2 stltpush
|3 (RuTPU)RU\TPU\subj\21913
|9 46824
|
| 610 |
1 |
|
|a металловедение
|
| 610 |
1 |
|
|a сопротивление разрушению
|
| 610 |
1 |
|
|a вязкость
|
| 610 |
1 |
|
|a деформации
|
| 610 |
1 |
|
|a усталость
|
| 610 |
1 |
|
|a трещины усталости
|
| 610 |
1 |
|
|a фреттинг-усталость
|
| 610 |
1 |
|
|a выносливость
|
| 610 |
1 |
|
|a разрушение
|
| 610 |
1 |
|
|a пластическая деформация
|
| 610 |
1 |
|
|a эксплуатация
|
| 675 |
|
|
|a 669.715:53
|v 4
|
| 700 |
|
1 |
|a Кишкина
|b С. И.
|g Софья Исааковна
|
| 801 |
|
1 |
|a RU
|b 63413507
|c 20091016
|
| 801 |
|
2 |
|a RU
|b 63413507
|c 20220113
|g RCR
|
| 942 |
|
|
|c BK
|